<?xml version="1.0" encoding="UTF-8"?><collection xmlns="info:lc/xmlns/marcxchange-v2"><record format="Unimarc" type="bibliographic"><leader>00478nam  2200169   450 </leader><controlfield tag="001">2112840</controlfield><controlfield tag="003">http://id.bnportugal.gov.pt/bib/porbase/2112840</controlfield><datafield ind1=" " ind2=" " tag="010"><subfield code="a">0-672-31812-1</subfield></datafield><datafield ind1=" " ind2=" " tag="035"><subfield code="a">UALLC_BC_126.iso/16-03-2009/15898</subfield></datafield><datafield ind1=" " ind2=" " tag="100"><subfield code="a">20020206d2002    k  y0pory0103    ba</subfield></datafield><datafield ind1="0" ind2=" " tag="101"><subfield code="a">eng</subfield></datafield><datafield ind1=" " ind2=" " tag="102"><subfield code="a">USA</subfield></datafield><datafield ind1="1" ind2=" " tag="200"><subfield code="a">Pure Corba</subfield><subfield code="f">Fintan Bolton</subfield></datafield><datafield ind1=" " ind2=" " tag="210"><subfield code="a">[s.l]</subfield><subfield code="c">Sams Publishing</subfield><subfield code="d">cop. 2002</subfield></datafield><datafield ind1=" " ind2=" " tag="215"><subfield code="a">921 p.</subfield><subfield code="d">23 cm.</subfield></datafield><datafield ind1=" " ind2=" " tag="675"><subfield code="a">004.43</subfield><subfield code="v">BN</subfield><subfield code="z">por</subfield></datafield><datafield ind1=" " ind2="1" tag="700"><subfield code="a">Bolton</subfield><subfield code="b">Fintan</subfield><subfield code="4">070</subfield></datafield><datafield ind1=" " ind2="0" tag="801"><subfield code="a">PT</subfield><subfield code="b">UALLC</subfield><subfield code="g">RPC</subfield></datafield></record></collection>